Statistics for U.S. States by Population of Biggest City

Click here to take the quiz!

General Stats

  • This quiz has been taken 22 times
  • The average score is 38 of 50

Answer Stats

HintAnswerPopulation% Correct
NNew York (New York City)8,398,748
100%
FFlorida (Jacksonville)903,889
100%
CCalifornia (Los Angeles)3,990,456
100%
OOhio (Columbus)892,533
100%
IIndiana (Indianapolis)867,125
100%
TTexas (Houston)2,325,502
100%
IIllinois (Chicago)2,705,994
100%
PPennsylvania (Philadelphia)1,584,138
94%
AArizona (Phoenix)1,660,272
94%
WWashington (Seattle)744,955
94%
NNorth Carolina (Charlotte)872,498
88%
SSouth Dakota (Sioux Falls)181,883
82%
HHawaii (Honolulu)347,397
82%
KKansas (Wichita)389,255
82%
LLouisiana (New Orleans)391,006
82%
UUtah (Salt Lake City)200,591
82%
GGeorgia (Atlanta)498,044
82%
WWisconsin (Milwaukee)592,025
82%
AAlaska (Anchorage)291,538
82%
RRhode Island (Providence)179,335
82%
OOklahoma (Oklahoma City)649,021
82%
MMichigan (Detroit)672,662
82%
KKentucky (Louisville)620,118
76%
IIdaho (Boise)228,790
76%
TTennessee (Nashville)669,053
76%
CColorado (Denver)716,492
76%
OOregon (Portland)653,115
76%
AArkansas (Little Rock)197,881
71%
AAlabama (Birmingham)209,880
71%
IIowa (Des Moines)216,853
71%
CConnecticut (Bridgeport)144,900
71%
VVirginia (Virginia Beach)450,189
71%
NNew Jersey (Newark)282,090
71%
NNevada (Las Vegas)644,644
71%
MMassachusetts (Boston)694,583
71%
VVermont (Burlington)42,899
71%
NNebraska (Omaha)468,262
71%
NNew Mexico (Albuquerque)560,218
65%
DDelaware (Wilmington)70,635
65%
MMissouri (Kansas City)491,918
59%
MMississippi (Jackson)164,422
59%
MMinnesota (Minneapolis)425,403
59%
MMontana (Billings)109,550
59%
MMaine (Portland)66,417
59%
WWyoming (Cheyenne)63,957
59%
WWest Virginia (Charleston)47,215
59%
SSouth Carolina (Charleston)136,208
59%
MMaryland (Baltimore)602,495
53%
NNorth Dakota (Fargo)124,844
53%
NNew Hampshire (Manchester)112,525
47%

Score Distribution

Percentile by Number Answered

Percent of People with Each Score

Your Score History

You have not taken this quiz